Morgan Wallen - Statistics

General Stats
  • This quiz has been taken 40 times
  • The average score is 2 of 10
Answer Stats
Hint Answer % Correct
Type of Music Country
90%
Kids 1
50%
Color Black
33%
Full Name Morgan Cole Wallen
30%
B - Day May, 13, 1993
10%
Dinosaur T-Rex
10%
Place of Birth Sneedville, Tennessee
7%
Book Great Gatsby
3%
Mother Lesli Wallen
3%
Father Tommy Wallen
3%
No matching quizzes found
Score Distribution
Percent of People with Each Score
Percentile by Number Answered
Your Score History
You have not taken this quiz